00281nam a2200121Ia 45000030006000000080041000060400015000471000011000622450048000732600009001215460012001300050017001420STCL150530s9999 xx 000 0 und d aSTCLcSTCL aHuxley aKing solomons ring new light on animal ways c1952 aEnglish20220125171101.0